000 00354nam a2200133Ia 4500
005 20260328104315.0
008 260328s9999||||xx |||||||||||||| ||und||
100 _aRuiz, Juan Carlos
245 0 _aLa utopia misional es nuestra /
_cJuan Carlos Ruiz
260 _bColegio de Arquitectos de Santa Cruz
300 _a225 p.
650 _aARTE
942 _cBK
999 _c11114
_d11114